Statistics for Countries with the Fastest Marathoners

Click here to take the quiz!

General Stats

  • This quiz has been taken 63,506 times
    (20,163 since last reset)
  • The average score is 12 of 18

Answer Stats

#Best TimeCountry% Correct
302:04:58United States
97%
5352:01:09Kenya
91%
172:05:11United Kingdom
89%
2522:01:41Ethiopia
84%
142:05:22France
83%
232:06:25Spain
74%
92:04:51Brazil
73%
162:06:33South Africa
73%
152:07:19Italy
70%
1632:04:56Japan
70%
142:03:00Tanzania
70%
112:07:19Mexico
69%
132:04:48Uganda
64%
82:06:36Portugal
50%
82:07:20South Korea
47%
292:05:26Morocco
46%
302:04:35Eritrea
45%
82:06:58Israel
18%

Score Distribution

Percentile by Number Answered

Percent of People with Each Score

Your Score History

You have not taken this quiz since the last reset